000 00716nam a2200205Ii 4500
003 JO-AjNU
008 230605s9999||||xx |||||||||||||| ||und||
017 _a2012/10/3854
040 _aJO-AjNU
_bara
_erda
_cJO-AjNU
041 _aara
050 1 4 _aHQ799.A6.S53 2012
100 3 _aالطويسي، عادل ....وآخرون؛ مراجعة وتقديم تيسير ابو عرجة,
_eauthor
_947771
245 0 0 _aالشباب وعالم جديد
264 3 1 _aعمان: وزارة الثقافة مكتبة الاسرة الاردنية، 2012
300 _a136ص
336 _atext
_btxt
_2rdacontent
337 _aunmediated
_bn
_2rdamedia
338 _avolume
_bnc
_2rdacarrier
650 4 _aالشباب
_947772
999 _aA20877
_c24445
_d24445